Podział administracyjny Francjii - Statystyki

Ogólne statystyki
  • Ten quiz został rozwiązany 102 razy
  • Średni wynik to 8 z 13
Statystyki odpowiedzi
Hint Odpowiedź % Poprawnych
Region Normandia
81%
Region Bretania
79%
Region Île-de-France
79%
Region Prowansja-Alpy-Lazurowe Wybrzeże
73%
Region Nowa Akwitania
58%
Region Hauts-de-France
56%
Region Grand Est
54%
Region Korsyka
54%
Region Kraj Loary
54%
Region Oksytania
52%
Region Region Centralny-Dolina Loary
44%
Region Owernia-Rodan-Alpy
42%
Region Burgundia-Franche-Comté
29%
Nie znaleziono quizów pasujących do podanych kryteriów
Rozkład punktacji
Procent ludzi z każdym wynikiem
Percentyl według liczby udzielonych odpowiedzi
Twoja historia wyników
Nie rozwiązałeś tego quizu